Human Movement explained. (Record no. 4675)

MARC details
000 -LEADER
fixed length control field 00511nam a22001937a 4500
003 - CONTROL NUMBER IDENTIFIER
control field OSt
005 - DATE AND TIME OF LATEST TRANSACTION
control field 20160707180722.0
008 - FIXED-LENGTH DATA ELEMENTS--GENERAL INFORMATION
fixed length control field 160707b xxu||||| |||| 00| 0 eng d
020 ## - INTERNATIONAL STANDARD BOOK NUMBER
International Standard Book Number 0750617470
040 ## - CATALOGING SOURCE
Transcribing agency DNLM.
082 ## - DEWEY DECIMAL CLASSIFICATION NUMBER
Classification number WB541J719h 1996.
100 ## - MAIN ENTRY--PERSONAL NAME
Personal name jones,Kim;Barker,Karen;
9 (RLIN) 10056
245 ## - TITLE STATEMENT
Title Human Movement explained.
260 ## - PUBLICATION, DISTRIBUTION, ETC. (IMPRINT)
Place of publication, distribution, etc. Oxford.
Name of publisher, distributor, etc. Butterworth-Heinemann;
Date of publication, distribution, etc. 1996.
300 ## - PHYSICAL DESCRIPTION
Extent ix,416p;
Other physical details ill:
Dimensions 24cm.
504 ## - BIBLIOGRAPHY, ETC. NOTE
Bibliography, etc includes index.
650 ## - SUBJECT ADDED ENTRY--TOPICAL TERM
Topical term or geographic name as entry element Physiotherapy.
9 (RLIN) 1959
942 ## - ADDED ENTRY ELEMENTS (KOHA)
Source of classification or shelving scheme Other/Generic Classification Scheme
Koha item type Open Shelf
Holdings
Withdrawn status Lost status Source of classification or shelving scheme Damaged status Not for loan Home library Current library Date acquired Source of acquisition Inventory number Total Checkouts Full call number Barcode Date last seen Price effective from Koha item type
    Other/Generic Classification Scheme     MUST Main Library MUST Main Library 07/07/2016   2001/15561   WB541J719h 1996. 2016-3069 07/07/2016 07/07/2016 Open Shelf